Republic of Moldova : Fourth Review Under the Three-Year Arrangement Under the Poverty Reduction and Growth Facility and Request for Waiver of Nonobservance of Performance Criterion; Staff Report; Staff Supplement; and Press Release.

This paper examines the Republic of Moldova's Fourth Review under the Poverty Reduction and Growth Facility and request for Waiver of Nonobservance of Performance Criterion. Investors have been attracted by Moldova's low costs, and export prospects have improved with the resumption of wine...

Celý popis

Podrobná bibliografie
Korporativní autor: International Monetary Fund
Médium: Časopis
Jazyk:English
Vydáno: Washington, D.C. : International Monetary Fund, 2008.
Edice:IMF Staff Country Reports; Country Report ; No. 2008/320
On-line přístup:Full text available on IMF
LEADER 01748cas a2200241 a 4500
001 AALejournalIMF005405
008 230101c9999 xx r poo 0 0eng d
020 |c 5.00 USD 
020 |z 9781451825183 
022 |a 1934-7685 
040 |a BD-DhAAL  |c BD-DhAAL 
110 2 |a International Monetary Fund. 
245 1 0 |a Republic of Moldova :   |b Fourth Review Under the Three-Year Arrangement Under the Poverty Reduction and Growth Facility and Request for Waiver of Nonobservance of Performance Criterion; Staff Report; Staff Supplement; and Press Release. 
264 1 |a Washington, D.C. :  |b International Monetary Fund,  |c 2008. 
300 |a 1 online resource (64 pages) 
490 1 |a IMF Staff Country Reports 
500 |a <strong>Off-Campus Access:</strong> No User ID or Password Required 
500 |a <strong>On-Campus Access:</strong> No User ID or Password Required 
506 |a Electronic access restricted to authorized BRAC University faculty, staff and students 
520 3 |a This paper examines the Republic of Moldova's Fourth Review under the Poverty Reduction and Growth Facility and request for Waiver of Nonobservance of Performance Criterion. Investors have been attracted by Moldova's low costs, and export prospects have improved with the resumption of wine exports to Russia and a new trade agreement with the European Union. Inflation is the main concern. While rising inflation partly reflects regional trends in food and energy prices, strong demand has been adding to inflation pressures. 
538 |a Mode of access: Internet 
830 0 |a IMF Staff Country Reports; Country Report ;  |v No. 2008/320 
856 4 0 |z Full text available on IMF  |u http://elibrary.imf.org/view/journals/002/2008/320/002.2008.issue-320-en.xml  |z IMF e-Library